Rating law and practice (Record no. 104016)

MARC details
000 -LEADER
fixed length control field 01105cam a2200217 4500
001 - CONTROL NUMBER
control field ##L128788
008 - FIXED-LENGTH DATA ELEMENTS--GENERAL INFORMATION
fixed length control field 050214n2004 000 0 eng u
020 ## - INTERNATIONAL STANDARD BOOK NUMBER
International Standard Book Number 1901956725
035 ## - SYSTEM CONTROL NUMBER
System control number (Sirsi) u128788
041 0# - LANGUAGE CODE
Language code of text/sound track or separate title eng
050 04 - LIBRARY OF CONGRESS CALL NUMBER
Classification number 336.21026 $2 18
240 2# - UNIFORM TITLE
Uniform title Institute of Revenues, Rating and Valuation
245 ## - TITLE STATEMENT
Title Rating law and practice
Remainder of title England and Wales
260 ## - PUBLICATION, DISTRIBUTION, ETC.
Place of publication, distribution, etc. London
Name of publisher, distributor, etc. IRRV
Date of publication, distribution, etc. 2004
300 ## - PHYSICAL DESCRIPTION
Extent 1
Type of unit v (loose-leaf)
Dimensions 23cm.
505 2# - FORMATTED CONTENTS NOTE
Formatted contents note Administration of the non-domestic rate -- Exemptions from rates: occupied hereditaments -- Occupied hereditaments: liabilty -- Unoccupied hereditaments: liability and exemptions -- Liability: calculation -- Overpayments and calculation of interest -- Rating reliefs -- Billing and collections -- Enforcement -- Valuation and rating lists -- Appeals and the valuation tribunal -- Insolvency and debt administration -- Accounts of billing authorities, funds, precepts and grants.
520 ## - SUMMARY, ETC.
Summary, etc. Practical guide to all aspects of the council tax. Table of cases.
650 24 - SUBJECT ADDED ENTRY--TOPICAL TERM
Topical term or geographic name entry element COUNCIL TAX
690 ## - LOCAL SUBJECT ADDED ENTRY--TOPICAL TERM (OCLC, RLIN)
Topical term or geographic name as entry element PROPERTY-PROPERTY TAXATION
942 ## - ADDED ENTRY ELEMENTS (KOHA)
Suppress in OPAC 0
Holdings
Withdrawn status Lost status Source of classification or shelving scheme Damaged status Not for loan Home library Current library Shelving location Date acquired Cost, normal purchase price Total Checkouts Full call number Barcode Date last seen Date last checked out Copy number Cost, replacement price Price effective from Koha item type
    Other/Generic Classification Scheme     London London Books 16/01/2006 275.00 9 336.21026 INS 30071857 06/08/2019 12/11/2009 1 275.00 06/08/2019 Book